[Event "Rethel/Epernay"]
[Site "?"]
[Date "2016.03.13"]
[Round "6"]
[White "Crepaux, Jean-Marie"]
[Black "Biniaux, Mickael"]
[Result "1-0"]
[WhiteElo "1873"]
[BlackElo "1733"]
[PlyCount "74"]
[EventDate "2016.03.15"]
[SourceDate "2016.03.16"]

1. e4 d5 2. exd5 Qxd5 3. Nc3 Qa5 4. Bc4 Nf6 5. d3 Bg4 6. Nge2 Nbd7 7. Bd2 Qh5
8. f3 Bxf3 9. gxf3 Qxf3 10. Ng3 Ne5 11. Qxf3 Nxf3+ 12. Ke2 Nd4+ 13. Kd1 Ng4 14.
Rf1 e6 15. Rf4 Nxc2 16. Kxc2 h5 17. h3 Bd6 18. hxg4 Bxf4 19. Bxf4 hxg4 20. Rh1
Rh3 21. Nce4 Ke7 22. Ng5 Rxh1 23. Nxh1 Kf6 24. Kd2 b5 25. Bb3 e5 26. Bxe5+ Kxg5
27. Bxf7 Rf8 28. Bd5 Rf5 29. d4 Kh4 30. Ng3 Rf2+ 31. Ne2 Rf5 32. Be4 Rf7 33.
Bc6 b4 34. Bd5 Rf5 35. Kd3 c5 36. Ke4 g6 37. dxc5 Rf1 1-0

[Event "Rethel/Epernay"]
[Site "?"]
[Date "2016.03.13"]
[Round "6"]
[White "Monceau, Etienne"]
[Black "Puech, Armel"]
[Result "1/2-1/2"]
[WhiteElo "1707"]
[BlackElo "1810"]
[PlyCount "88"]
[EventDate "2016.03.15"]
[SourceDate "2016.03.16"]

1. d4 d5 2. c4 Nc6 3. Nc3 Nf6 4. cxd5 Nxd5 5. e4 Nxc3 6. bxc3 e5 7. d5 Ne7 8.
Ba3 Bd7 9. Qb3 Rb8 10. Bc4 b5 11. Bd3 Ng6 12. Bxf8 Nxf8 13. Ne2 Ng6 14. O-O O-O
15. f4 exf4 16. Nxf4 Ne5 17. Qa3 Ra8 18. Rad1 Qb8 19. Qc5 Qb6 20. Qd4 Rad8 21.
Ne2 Bg4 22. Qxb6 axb6 23. Bxb5 Rd6 24. h3 Bxe2 25. Bxe2 Ra8 26. Rd2 Ra4 27. Bf3
Ra3 28. Rc2 Kf8 29. Kf2 Ra4 30. Rb1 Ke7 31. Rb4 Nd3+ 32. Kg3 Nxb4 33. cxb4 Ra7
34. e5 Rd8 35. Kf4 Rd7 36. Ke4 g6 37. Be2 Ra4 38. Rb2 Ra7 39. Bb5 Rd8 40. Bc6
Ra3 41. Rc2 Ra7 42. a4 Kf8 43. Rf2 Ke7 44. g4 Rf8 1/2-1/2

[Event "Rethel/Epernay"]
[Site "?"]
[Date "2016.03.13"]
[Round "6"]
[White "Gevorgyan, Ruben"]
[Black "Noizet, Regis"]
[Result "0-1"]
[WhiteElo "1399"]
[BlackElo "1628"]
[PlyCount "66"]
[EventDate "2016.03.15"]
[SourceDate "2016.03.16"]

1. e4 d6 2. Nf3 Bg4 3. Bc4 e6 4. Nc3 c6 5. d4 Nf6 6. h3 Bh5 7. Bg5 Be7 8. Bxf6
Bxf6 9. Qe2 Bxd4 10. g4 Bxc3+ 11. bxc3 Bg6 12. Rd1 Qa5 13. Qe3 Qa3 14. h4 O-O
15. h5 Bxe4 16. h6 g6 17. Qd4 e5 18. Qxe4 Qxc3+ 19. Kf1 d5 20. Bxd5 cxd5 21.
Qxd5 Nc6 22. Qd6 Qxf3 23. Rd3 Qxh1+ 24. Ke2 Qxh6 25. Qf6 Qf4 26. Qh4 Nd4+ 27.
Kf1 Nf3 28. Qh3 e4 29. Rd1 Rad8 30. Ra1 Rd2 31. Kg2 Rfd8 32. Rh1 Ng5 33. Qc3
Qxf2# 0-1

[Event "Rethel/Epernay"]
[Site "?"]
[Date "2016.03.13"]
[Round "6"]
[White "Lambert, Adrien"]
[Black "Szezespanski, Hervé"]
[Result "0-1"]
[WhiteElo "1627"]
[BlackElo "1399"]
[PlyCount "74"]
[EventDate "2016.03.15"]
[SourceDate "2016.03.16"]

1. c4 e5 2. Nc3 Nf6 3. d3 d6 4. g3 Be6 5. Bg2 g6 6. Bxb7 Nbd7 7. Bxa8 Qxa8 8.
Nf3 Bg7 9. O-O O-O 10. Ng5 Nc5 11. Nxe6 Nxe6 12. Be3 Ng4 13. Qc1 f5 14. h3 Nxe3
15. Qxe3 f4 16. Qe4 c6 17. h4 g5 18. Qg2 gxh4 19. gxh4 Qd8 20. Qg4 Rf6 21. h5
Rh6 22. Ne4 Kh8 23. b4 Bf8 24. c5 d5 25. Nd6 Bxd6 26. cxd6 Qxd6 27. Rac1 Qd7
28. Rc2 Qe8 29. f3 Rxh5 30. Kf2 Nd4 31. Rg1 Rh2+ 32. Kf1 Qf8 33. Rb2 Nf5 34. b5
Ne3+ 35. Ke1 Nxg4 36. Rxg4 Qc5 37. bxc6 Qc1# 0-1

[Event "Rethel/Epernay"]
[Site "?"]
[Date "2016.03.13"]
[Round "6"]
[White "Massart, Sylvain"]
[Black "Lhoest, Alain"]
[Result "0-1"]
[WhiteElo "1450"]
[BlackElo "1618"]
[PlyCount "46"]
[EventDate "2016.03.15"]
[SourceDate "2016.03.16"]

1. e4 c5 2. Nc3 d6 3. Bb5+ Bd7 4. Qe2 Nc6 5. Nf3 e6 6. a3 Nge7 7. d3 g6 8. Bg5
Bg7 9. Qd2 O-O 10. h4 Qb6 11. O-O-O Bxc3 12. Qxc3 Qxb5 13. Bh6 Nd4 14. Bxf8
Ne2+ 15. Kd2 Nxc3 16. bxc3 Rxf8 17. Rb1 Qc6 18. h5 e5 19. hxg6 fxg6 20. Rh4 h5
21. Rbh1 Bg4 22. Ng5 Rxf2+ 23. Ke3 Re2# 0-1

[Event "Chaumont/Blagny"]
[Site "?"]
[Date "2016.04.03"]
[Round "7"]
[White "Rapinel, Franck"]
[Black "Monaville, Guy"]
[Result "1/2-1/2"]
[WhiteElo "2118"]
[BlackElo "2065"]
[PlyCount "75"]
[EventDate "2016.04.05"]
[SourceDate "2016.04.05"]

1. d4 d6 2. c4 e5 3. dxe5 dxe5 4. Qxd8+ Kxd8 5. Nc3 Be6 6. e3 c6 7. Nf3 f6 8.
Be2 Kc7 9. O-O Nh6 10. Bd2 Na6 11. Rfd1 Be7 12. Rac1 Rad8 13. Nd5+ Bxd5 14.
Ba5+ b6 15. cxd5 Nc5 16. Be1 a5 17. dxc6 Rxd1 18. Rxd1 Kxc6 19. Nd2 Rd8 20. Rc1
Nf7 21. Ne4 Kb7 22. Nxc5+ Bxc5 23. Bf3+ Kb8 24. a3 Ng5 25. Bc6 Ne6 26. Kf1 Be7
27. Bb5 Rc8 28. Rxc8+ Kxc8 29. Ke2 g6 30. Kd3 Kc7 31. Kc4 Kd6 32. b4 Bd8 33.
Ba4 f5 34. Bc3 f4 35. e4 Nd4 36. bxa5 bxa5 37. Bd1 Bb6 38. Bxd4 1/2-1/2

[Event "Chaumont/Blagny"]
[Site "?"]
[Date "2016.04.03"]
[Round "7"]
[White "Chebridon, Jean Luc"]
[Black "Parisot, Anthony"]
[Result "0-1"]
[WhiteElo "1641"]
[BlackElo "1821"]
[PlyCount "98"]
[EventDate "2016.04.05"]
[SourceDate "2016.04.05"]

1. b3 e5 2. Bb2 Nc6 3. e3 Nf6 4. Nf3 e4 5. Nd4 Nxd4 6. Bxd4 Be7 7. c4 O-O 8.
Be2 c5 9. Bb2 d5 10. cxd5 Nxd5 11. O-O Nb4 12. Qc1 Be6 13. Na3 Nd3 14. Bxd3
Qxd3 15. Qc3 Qxc3 16. dxc3 Bf6 17. Rfd1 a6 18. Nc2 Rfd8 19. Ne1 b5 20. Rac1 b4
21. Ba1 Rxd1 22. Rxd1 bxc3 23. Rc1 c4 24. bxc4 Bxc4 25. Bxc3 Bxc3 26. Rxc3 Bxa2
27. Nc2 Be6 28. Nb4 Rc8 29. Rxc8+ Bxc8 30. Kf1 Kf8 31. Ke1 Ke7 32. Kd2 Kd6 33.
Kc3 a5 34. Nc2 Be6 35. Kd4 Bb3 36. Na1 Bd5 37. Nc2 f5 38. Na3 Bb3 39. f3 exf3
40. gxf3 a4 41. h4 g6 42. f4 Ke6 43. Nb1 Kf6 44. Nd2 Bd1 45. Nb1 Kg7 46. e4
fxe4 47. Nc3 Bc2 48. Nb5 Kh6 49. Kc3 Bd3 0-1

[Event "Chaumont/Blagny"]
[Site "?"]
[Date "2016.04.03"]
[Round "7"]
[White "Da Costa, Manuel"]
[Black "Haban, Gael"]
[Result "1-0"]
[WhiteElo "1906"]
[BlackElo "1514"]
[PlyCount "71"]
[EventDate "2016.04.05"]
[SourceDate "2016.04.05"]

1. e4 c6 2. d4 d5 3. exd5 cxd5 4. Nf3 Nf6 5. Be2 g6 6. Bf4 Bg7 7. O-O O-O 8.
Nbd2 Bg4 9. h3 Bd7 10. Ne5 Qb6 11. Nxd7 Nfxd7 12. Nb3 Nc6 13. c3 Rfe8 14. Bf3
e6 15. Re1 Rac8 16. Qd2 Na5 17. Nxa5 Qxa5 18. a4 Qb6 19. a5 Qc6 20. Rac1 Bf8
21. c4 Qa4 22. c5 Bg7 23. b4 Nb8 24. Ra1 Qd7 25. Bd1 b5 26. axb6 axb6 27. Bxb8
Rxb8 28. cxb6 Rxb6 29. Ba4 Qe7 30. Bxe8 Qxe8 31. Ra7 Qb5 32. Qf4 Rb7 33. Ra8+
Bf8 34. Qd6 Qxb4 35. Rxf8+ Kg7 36. Qxb4 1-0

[Event "Chaumont/Blagny"]
[Site "?"]
[Date "2016.04.03"]
[Round "7"]
[White "Desse, Mickael"]
[Black "Masera, Michel"]
[Result "0-1"]
[WhiteElo "1580"]
[BlackElo "1842"]
[PlyCount "74"]
[EventDate "2016.04.05"]
[SourceDate "2016.04.05"]

1. e4 c5 2. Nf3 Nc6 3. d4 cxd4 4. Nxd4 Nf6 5. Nc3 e5 6. Nxc6 bxc6 7. Bg5 Bb4 8.
Qf3 O-O 9. Bxf6 gxf6 10. Bc4 f5 11. Qg3+ Kh8 12. Qxe5+ f6 13. Qd4 fxe4 14.
O-O-O d5 15. Be2 Qa5 16. f3 Bxc3 17. Qxc3 Qxa2 18. Qa3 Qxa3 19. bxa3 f5 20.
fxe4 fxe4 21. Rhf1 Be6 22. Rxf8+ Rxf8 23. Rf1 Rxf1+ 24. Bxf1 e3 25. c3 c5 26.
h3 h5 27. Be2 h4 28. Bf3 Kg7 29. Kd1 d4 30. cxd4 cxd4 31. Be4 Kf6 32. Ke2 Ke5
33. Bc6 Bc4+ 34. Kf3 Bd5+ 35. Bxd5 Kxd5 36. g4 hxg3 37. Kxg3 Ke4 0-1

[Event "Chaumont/Blagny"]
[Site "?"]
[Date "2016.04.03"]
[Round "7"]
[White "Louot, Catherine"]
[Black "Van Malderen, S."]
[Result "0-1"]
[WhiteElo "1317"]
[BlackElo "1410"]
[PlyCount "72"]
[EventDate "2016.04.05"]
[SourceDate "2016.04.05"]

1. e4 c5 2. Nf3 Nc6 3. Bc4 e5 4. O-O Be7 5. d3 Nf6 6. c3 O-O 7. Nbd2 d6 8. b4
b6 9. Qb3 h6 10. Nh4 Qe8 11. Ng6 Nd8 12. Nxf8 Qxf8 13. Nf3 Ne8 14. bxc5 bxc5
15. Bd5 Bb7 16. Bxb7 Rb8 17. Qd5 Rxb7 18. Be3 Nc7 19. Qc4 Nce6 20. Rab1 Rc7 21.
Rfd1 Qe8 22. Rb8 Qd7 23. Rdb1 Kh7 24. Nd2 Nc6 25. R8b2 g6 26. f4 exf4 27. Bxf4
g5 28. Bg3 Bf6 29. h3 Bg7 30. Qd5 Ne5 31. Bxe5 Bxe5 32. Nc4 Bxc3 33. Qf5+ Kg7
34. Rc2 Bd4+ 35. Kh1 Qe7 36. Re2 Nf4 {suite illisible} 0-1

[Event "Chaumont/Blagny"]
[Site "?"]
[Date "2016.04.03"]
[Round "7"]
[White "Ledoux, Hugo"]
[Black "Rapinel, Florian"]
[Result "0-1"]
[WhiteElo "1140"]
[BlackElo "1099"]
[PlyCount "38"]
[EventDate "2016.04.05"]
[SourceDate "2016.04.05"]

1. e4 c5 2. Nf3 Nc6 3. Bc4 Nf6 4. Nc3 g6 5. e5 Ng4 6. Qe2 Bg7 7. Ng5 Ngxe5 8.
Nxf7 Nxf7 9. Bxf7+ Kxf7 10. Qf3+ Ke8 11. O-O Rf8 12. Qh3 d6 13. Qxh7 Kf7 14. d3
Rh8 15. Qxh8 Qxh8 16. Bg5 Be5 17. Rfe1 Qxh2+ 18. Kf1 Nd4 19. Rac1 Qh1# 0-1

[Event "N4 Echiquier Aubois - La tour du Roi"]
[Site "?"]
[Date "2016.04.03"]
[Round "?"]
[White "Guyot, Philippe"]
[Black "Szylar, Eric"]
[Result "0-1"]
[WhiteElo "1999"]
[BlackElo "2053"]
[PlyCount "90"]
[EventDate "2013.01.27"]
[SourceDate "2016.04.03"]

1. d4 Nf6 2. Nf3 g6 3. Nc3 d5 4. Bf4 Bg7 5. e3 O-O 6. h4 Bg4 7. Be2 Nh5 8. Bh2
e6 9. Ne5 Bxe2 10. Qxe2 c5 11. O-O-O Nc6 12. g4 cxd4 13. exd4 Nf6 14. f3 Rc8
15. Bf4 Qa5 16. Qd2 b5 17. Kb1 b4 18. Ne2 Nxe5 19. Bxe5 Rc6 20. a3 Rfc8 21.
axb4 Qa4 22. c3 a5 23. bxa5 Qxa5 24. Kc2 Rb6 25. Ra1 Qb5 26. Rhb1 Nd7 27. Bxg7
Kxg7 28. b4 Rbc6 29. h5 Kg8 30. hxg6 fxg6 31. Ra7 Ra6 32. Rxa6 Qxa6 33. Kd1 Nb6
34. Ke1 Nc4 35. Qc1 e5 36. Ra1 Qb7 37. Qg5 exd4 38. Nxd4 Re8+ 39. Kf2 Qd7 40.
Ra6 Ne3 41. Ra1 Qc7 42. Rh1 Qxc3 43. Ne2 Qd2 44. Qh4 Nxg4+ 45. Qxg4 Rxe2+ 0-1

[Event "N4 Echiquier Aubois - La tour du Roi"]
[Site "?"]
[Date "2016.04.03"]
[Round "?"]
[White "Garnier, Mickael"]
[Black "Belguiral, Bastiste"]
[Result "0-1"]
[WhiteElo "1611"]
[BlackElo "1399"]
[PlyCount "116"]
[EventDate "2013.01.27"]
[SourceDate "2016.04.03"]

1. e4 e5 2. Nf3 Nc6 3. d4 exd4 4. Nxd4 Nxd4 5. Qxd4 c5 6. Qd1 Be7 7. Bd2 d6 8.
Bc3 Nf6 9. Nd2 O-O 10. Bd3 d5 11. Bxf6 Bxf6 12. c3 d4 13. cxd4 Bxd4 14. Qc2 Qb6
15. O-O Qxb2 16. Nb3 Qxc2 17. Bxc2 Bxa1 18. Rxa1 b6 19. Rd1 c4 20. Nd4 Rd8 21.
f3 c3 22. Nb5 Rxd1+ 23. Bxd1 Be6 24. Nxc3 Rc8 25. Ne2 Bxa2 26. Kf2 b5 27. Nd4
b4 28. Ke2 Bc4+ 29. Ke3 Kf8 30. Ba4 Be6 31. Kd2 Rd8 32. Ke3 Bd7 33. Bb3 a5 34.
Kd3 Rc8 35. Bc4 a4 36. g3 a3 37. Nc2 Be6 38. Ba6 Rd8+ 39. Ke2 a2 40. Bd3 b3 41.
Na1 b2 42. Nc2 b1=Q 43. Ne1 Qxd3+ 44. Nxd3 Rxd3 45. Kxd3 a1=Q 46. Ke3 Qc1+ 47.
Kf2 Bh3 48. g4 Qd2+ 49. Kg3 Qg2+ 50. Kf4 Qxh2+ 51. Kf5 g6+ 52. Kg5 Bf1 53. f4
h6+ 54. Kf6 Qh4+ 55. Ke5 Qxg4 56. f5 gxf5 57. exf5 h5 58. Kf6 Qg7# 0-1

[Event "N4 Echiquier Aubois - La tour du Roi"]
[Site "?"]
[Date "2016.04.03"]
[Round "?"]
[White "Roussel, Julien"]
[Black "Louis, Andre"]
[Result "1/2-1/2"]
[WhiteElo "1809"]
[BlackElo "1697"]
[PlyCount "103"]
[EventDate "2013.01.27"]
[SourceDate "2016.04.03"]

1. d4 Nf6 2. Nf3 e6 3. Bf4 d5 4. e3 b6 5. Nbd2 Bb7 6. Bd3 Nbd7 7. h3 h6 8. c3
a5 9. Qe2 Be7 10. Nh2 c5 11. Bb5 O-O 12. Qf3 Ne4 13. Nxe4 dxe4 14. Qg3 Bh4 15.
Qg4 f5 16. Qg6 Qf6 17. Qxf6 Nxf6 18. Bc7 cxd4 19. g3 Nd5 20. Be5 Bf6 21. Bxf6
Nxf6 22. cxd4 Rfc8 23. Kd2 Rc7 24. Rac1 Rac8 25. Rxc7 Rxc7 26. Rc1 Nd5 27. Rxc7
Nxc7 28. Be2 g6 29. Nf1 Kg7 30. Kc2 Kf6 31. Nd2 Nd5 32. a3 g5 33. Bc4 Nc7 34.
Nb1 b5 35. Be2 f4 36. Nc3 fxg3 37. fxg3 b4 38. axb4 axb4 39. Na4 Bd5 40. Nc5
Ke7 41. Bf1 Ne8 42. Na6 b3+ 43. Kc3 Nf6 44. g4 h5 45. Be2 hxg4 46. hxg4 Bb7 47.
Nc5 Bd5 48. Bd1 Kd6 49. Na6 e5 50. dxe5+ Kxe5 51. Nc5 Bf7 52. Be2 1/2-1/2

[Event "N4 Echiquier Aubois - La tour du Roi"]
[Site "?"]
[Date "2016.04.03"]
[Round "?"]
[White "Louis, Vincent"]
[Black "Delias, Gerard"]
[Result "1-0"]
[WhiteElo "1389"]
[BlackElo "1582"]
[PlyCount "51"]
[EventDate "2013.01.27"]
[SourceDate "2016.04.03"]

1. e4 c5 2. Nf3 a6 3. d4 cxd4 4. Nxd4 Nf6 5. Bd3 e5 6. Nf3 Nc6 7. O-O d5 8. Qe2
Bg4 9. c3 Bc5 10. b4 Ba7 11. a3 O-O 12. Nbd2 Rc8 13. Bb2 b5 14. Rfc1 Re8 15.
Rc2 Re7 16. Re1 Rec7 17. Rec1 Nd4 18. cxd4 Rxc2 19. Rxc2 Rxc2 20. Bxc2 exd4 21.
Qd3 dxe4 22. Nxe4 Bxf3 23. Qxf3 Nd5 24. Bb3 h6 25. Bxd5 Qxd5 26. Nf6+ 1-0

[Event "N4 Echiquier Aubois - La tour du Roi"]
[Site "?"]
[Date "2016.04.03"]
[Round "?"]
[White "Halfaoui, Eddine"]
[Black "Moine, Patrick"]
[Result "1-0"]
[WhiteElo "1980"]
[BlackElo "1784"]
[PlyCount "81"]
[EventDate "2013.01.27"]
[SourceDate "2016.04.03"]

1. d4 d5 2. Nf3 Nf6 3. g3 h6 4. Bg2 Bf5 5. O-O e6 6. Ne5 Be7 7. c4 c6 8. Nc3
Nbd7 9. Qb3 Rb8 10. Bf4 Nxe5 11. Bxe5 Bd6 12. Bxd6 Qxd6 13. f3 O-O 14. Rad1 e5
15. e4 dxc4 16. Qxc4 Be6 17. d5 cxd5 18. exd5 Bd7 19. Kh1 Rfc8 20. Qd3 a6 21.
Rf2 b5 22. Rfd2 Rc4 23. Qe3 b4 24. Ne4 Nxe4 25. fxe4 Rbc8 26. h3 Rc1 27. Kh2 a5
28. Rxc1 Rxc1 29. Rf2 f6 30. Qxc1 Qb6 31. Rc2 a4 32. Rc7 Bb5 33. Qc5 Qxc5 34.
Rxc5 Bd3 35. Rc7 Kf8 36. h4 a3 37. bxa3 bxa3 38. Rc3 Bb1 39. Rxa3 g5 40. hxg5
hxg5 41. Ra7 1-0

[Event "N4 Echiquier Aubois - La tour du Roi"]
[Site "?"]
[Date "2016.04.03"]
[Round "7"]
[White "Mondeel, Paul"]
[Black "Roussel, jean-marc"]
[Result "1-0"]
[WhiteElo "1531"]
[BlackElo "1702"]
[PlyCount "113"]
[EventDate "2013.01.27"]
[SourceDate "2016.04.03"]

1. e4 c5 2. Nf3 e6 3. Be2 Nc6 4. O-O d6 5. d3 g6 6. c3 Bg7 7. Bd2 e5 8. Qc1 Bg4
9. h3 Bxf3 10. Bxf3 Nge7 11. Bg5 h6 12. Be3 Qd7 13. Na3 f5 14. Nc2 f4 15. Bd2
h5 16. d4 g5 17. Qd1 O-O-O 18. Bxh5 Kb8 19. Bg4 Qe8 20. d5 Na5 21. Na3 b6 22.
b4 Nb7 23. Qb3 Ng8 24. f3 Nf6 25. c4 Nxg4 26. fxg4 Qg6 27. Qf3 cxb4 28. Bxb4 a5
29. Bc3 Nc5 30. Rfe1 Kc7 31. Nb5+ Kd7 32. Na7 Rb8 33. Nc6 Rb7 34. Rab1 Ra8 35.
a4 Qh7 36. Rb5 Ke8 37. Bd2 Bf6 38. Kh2 Bd8 39. g3 Nxa4 40. gxf4 gxf4 41. g5 Rd7
42. Qg4 Qg6 43. Bxf4 exf4 44. Nxd8 Kxd8 45. Qxf4 Rf7 46. Qg3 Re7 47. Rf1 Kc7
48. Rf6 Qxe4 49. Qxd6+ Kb7 50. Rxb6+ Nxb6 51. Qxb6+ Kc8 52. Rc6+ Kd7 53. Qb7+
Ke8 54. Qxa8+ Kf7 55. Rf6+ Kg7 56. Qf8+ Kh7 57. Rh6# 1-0

[Event "La Francheville/Epernay"]
[Site "?"]
[Date "2016.04.03"]
[Round "7"]
[White "Carré, Cedric"]
[Black "Leroy, Patrick"]
[Result "1/2-1/2"]
[WhiteElo "2076"]
[BlackElo "1872"]
[PlyCount "99"]
[EventDate "2016.04.10"]
[SourceDate "2016.04.10"]

1. d4 e6 2. Nc3 Nf6 3. Bg5 d5 4. e3 Be7 5. Bd3 Nbd7 6. f4 c5 7. Nf3 b6 8. O-O
Bb7 9. Bxf6 Bxf6 10. Ne5 O-O 11. Rf3 g6 12. h4 Nxe5 13. fxe5 Bxh4 14. Rh3 c4
15. Bf1 f5 16. g3 Bg5 17. Qf3 Bc6 18. Kf2 Rc8 19. Be2 Rc7 20. Rah1 Rff7 21. Kg1
Qe7 22. a3 Qf8 23. R1h2 Qe7 24. Bd1 Be8 25. Kf2 Qf8 26. Qh1 Qe7 27. Bf3 Bc6 28.
Ne2 Qd8 29. Qg1 Rg7 30. Ke1 Bb7 31. Nc3 Bc6 32. Kd2 Qf8 33. Ne2 Be8 34. Qh1 Bc6
35. Rf2 Rgf7 36. Rfh2 Qe7 37. Nc3 Qd8 38. Ne2 Qe7 39. Qg1 Rg7 40. Rg2 Qf8 41.
Qh1 Rcf7 42. Rgh2 Qd8 43. Nc3 Rc7 44. Rg2 Qf8 45. Qh2 Rgf7 46. Ne2 Rg7 47. g4
f4 48. Nxf4 Bxf4 49. exf4 Rcf7 50. Ke3 1/2-1/2

[Event "La Francheville/Epernay"]
[Site "?"]
[Date "2016.04.03"]
[Round "7"]
[White "Durant, Christophe"]
[Black "Belloy, Julien"]
[Result "0-1"]
[WhiteElo "1959"]
[BlackElo "2087"]
[PlyCount "80"]
[EventDate "2016.04.10"]
[SourceDate "2016.04.10"]

1. d4 Nf6 2. Nf3 g6 3. Bf4 Bg7 4. e3 O-O 5. Be2 c5 6. O-O Qb6 7. Nc3 cxd4 8.
Nxd4 d6 9. Nb3 Nc6 10. e4 a6 11. Rb1 Qc7 12. Qd2 b5 13. Nd5 Nxd5 14. exd5 Ne5
15. Nd4 Bb7 16. Nb3 Nc4 17. Bxc4 Qxc4 18. Rfe1 Rfe8 19. Red1 Bxd5 20. Qxd5 Qxf4
21. Rd3 Qe5 22. Qf3 Rac8 23. c3 Qf5 24. Qxf5 gxf5 25. Rd5 Be5 26. g3 e6 27. Rd3
d5 28. f4 Bf6 29. Re1 Red8 30. a3 Rc4 31. Red1 Rb8 32. Kf2 Bd8 33. Nd2 Rcc8 34.
Nf3 Bf6 35. Nd4 a5 36. Nb3 b4 37. cxb4 axb4 38. R1d2 bxa3 39. bxa3 Rc3 40. Na5
Rb5 0-1

[Event "La Francheville/Epernay"]
[Site "?"]
[Date "2016.04.03"]
[Round "7"]
[White "Belloy, Nicolas"]
[Black "Durant, Marie"]
[Result "0-1"]
[WhiteElo "1959"]
[BlackElo "1858"]
[PlyCount "56"]
[EventDate "2016.04.10"]
[SourceDate "2016.04.10"]

1. d4 Nf6 2. c4 g6 3. Nc3 Bg7 4. e4 d6 5. f4 O-O 6. Nf3 c5 7. d5 Re8 8. Bd3
Nbd7 9. O-O a6 10. a4 Nf8 11. h3 e6 12. e5 Nh5 13. Ne4 dxe5 14. fxe5 exd5 15.
Nd6 Re6 16. cxd5 Rxd6 17. exd6 Qxd6 18. Re1 Bxh3 19. Bf1 Bg4 20. Ra3 Nd7 21.
Re4 Ndf6 22. Rxg4 Nxg4 23. Rb3 c4 24. Ra3 Qc5+ 25. Be3 Nxe3 26. Rxe3 Qxe3+ 27.
Kh2 Qf4+ 28. Kg1 Rd8 0-1

[Event "La Francheville/Epernay"]
[Site "?"]
[Date "2016.04.03"]
[Round "7"]
[White "Crepaux, Jean-Marie"]
[Black "Fleurentin, Arnaud"]
[Result "1-0"]
[WhiteElo "1869"]
[BlackElo "1740"]
[PlyCount "50"]
[EventDate "2016.04.10"]
[SourceDate "2016.04.10"]

1. e4 d6 2. d4 Nf6 3. Nc3 g6 4. f4 Bg7 5. Nf3 O-O 6. e5 Nfd7 7. Bc4 Nb6 8. Bb3
Nc6 9. O-O Na5 10. Be3 Nxb3 11. axb3 d5 12. Na4 c6 13. Nc5 Nd7 14. Nd3 Nb6 15.
Rc1 Bf5 16. c4 h6 17. h3 Bxd3 18. Qxd3 e6 19. g4 f5 20. exf6 Rxf6 21. Ne5 Qe8
22. f5 exf5 23. gxf5 g5 24. Ng4 Rf8 25. f6 Bh8 1-0

[Event "La Francheville/Epernay"]
[Site "?"]
[Date "2016.04.03"]
[Round "7"]
[White "Wille, Frederic"]
[Black "Szezespanski, Herve"]
[Result "1-0"]
[WhiteElo "1569"]
[BlackElo "1399"]
[PlyCount "93"]
[EventDate "2016.04.10"]
[SourceDate "2016.04.10"]

1. d4 Nf6 2. Nf3 d6 3. Nc3 g6 4. e4 Bg7 5. h3 a6 6. a4 O-O 7. Be3 e6 8. Be2 Bd7
9. O-O Nc6 10. Qd2 d5 11. e5 Ne4 12. Nxe4 dxe4 13. Ng5 Ne7 14. Nxe4 Bc6 15. Bd3
Nf5 16. c3 Nxe3 17. Qxe3 Qh4 18. Qg5 Qxg5 19. Nxg5 h6 20. Ne4 Rad8 21. f4 a5
22. Rf2 b6 23. Bc2 Bb7 24. g4 Bc8 25. Ng3 Rfe8 26. f5 exf5 27. gxf5 g5 28. f6
Bf8 29. Bf5 Bxf5 30. Nxf5 Kh7 31. Re1 c5 32. Re4 cxd4 33. cxd4 Rc8 34. h4 gxh4
35. Rxh4 Rc4 36. Rfh2 Rc1+ 37. Kg2 Rc2+ 38. Kf3 Rxh2 39. Rxh2 Rc8 40. Ke4 Rc4
41. b3 Rc3 42. d5 Rxb3 43. d6 Rb4+ 44. Kd5 b5 45. d7 bxa4 46. d8=Q Rb5+ 47. Kc6
1-0

[Event "La Francheville/Epernay"]
[Site "?"]
[Date "2016.04.03"]
[Round "7"]
[White "Ramos, Vincent"]
[Black "Bryl, Laura"]
[Result "1-0"]
[WhiteElo "1140"]
[BlackElo "1280"]
[PlyCount "61"]
[EventDate "2016.04.10"]
[SourceDate "2016.04.11"]

1. e4 e5 2. Nf3 Nc6 3. g3 Bc5 4. Bg2 Nf6 5. Nc3 O-O 6. d3 h6 7. O-O d5 8. exd5
Nxd5 9. Qe1 Qd6 10. Nxd5 Qxd5 11. a3 Qe6 12. Be3 Bd6 13. d4 e4 14. Nd2 Qg4 15.
Bxe4 Bd7 16. Bg2 Ne7 17. Bxb7 Rab8 18. Bf3 Qh3 19. Bg2 Qf5 20. b4 Bc6 21. Nc4
Bxg2 22. Nxd6 Qf3 23. Qd1 Qd5 24. Re1 Bh1 25. Kf1 Qg2+ 26. Ke2 Qf3+ 27. Kd2 Nd5
28. Rxh1 cxd6 29. Qxf3 Rb5 30. c4 Rb6 31. Qxd5 1-0

[Event "La Francheville/Epernay"]
[Site "?"]
[Date "2016.04.03"]
[Round "7"]
[White "Brodier, Thierry"]
[Black "Puech, Armel"]
[Result "1/2-1/2"]
[WhiteElo "1675"]
[BlackElo "1819"]
[PlyCount "36"]
[EventDate "2016.04.10"]
[SourceDate "2016.04.11"]

1. d4 Nf6 2. Nf3 d5 3. Bg5 Nbd7 4. e3 Ne4 5. Bh4 Ndf6 6. h3 Qd6 7. c3 h6 8.
Bxf6 Qxf6 9. Bd3 Bf5 10. Qe2 h5 11. Nbd2 Nxd2 12. Qxd2 e6 13. O-O-O Bd6 14.
Bxf5 Qxf5 15. Qc2 Qf6 16. Rhe1 O-O 17. Kb1 c6 18. e4 Qg6 1/2-1/2

[Event "La Francheville/Epernay"]
[Site "?"]
[Date "2016.04.03"]
[Round "7"]
[White "Gevorgyan, Ruben"]
[Black "Regnier, Cedric"]
[Result "1/2-1/2"]
[WhiteElo "1399"]
[BlackElo "1587"]
[PlyCount "150"]
[EventDate "2016.04.10"]
[SourceDate "2016.04.11"]

1. e4 c6 2. d4 d5 3. exd5 cxd5 4. Nf3 Nc6 5. Bf4 Nf6 6. Nc3 Bg4 7. Bb5 e6 8.
O-O Bd6 9. Bxd6 Qxd6 10. Re1 O-O 11. Be2 Qb4 12. Rb1 Bxf3 13. Bxf3 Qxd4 14. Qe2
Qb6 15. g4 Nd4 16. Qd3 Nxf3+ 17. Qxf3 Qd4 18. h3 Qd2 19. Re2 Qg5 20. Kg2 h5 21.
h4 Qxg4+ 22. Qxg4 Nxg4 23. f3 Nf6 24. Re5 a6 25. Ne2 Rac8 26. c3 g6 27. Kh3 Rc4
28. Rg1 b5 29. b4 Nd7 30. Rxh5 Nb6 31. Rhg5 Kh7 32. h5 Rg8 33. Rh1 Na4 34. Rc1
f6 35. hxg6+ Rxg6 36. Rxg6 Kxg6 37. Rg1+ Kh6 38. Rc1 e5 39. Kg3 Nb6 40. f4 Rc7
41. Kg4 Nc4 42. Kf5 Rf7 43. Ke6 Kg7 44. Kxd5 Rd7+ 45. Ke6 Rd2 46. fxe5 Rxe2 47.
Rg1+ Kf8 48. Kxf6 Rxe5 49. Rg4 Re2 50. Rd4 Rf2+ 51. Ke6 Rxa2 52. Rf4+ Kg7 53.
Rg4+ Kh6 54. Rg3 Na3 55. Kf7 Nb1 56. Kf6 Rf2+ 57. Ke6 Kh5 58. Kd6 Rc2 59. Rg1
Nxc3 60. Ra1 Na4 61. Kd5 Rc4 62. Rxa4 bxa4 63. Kxc4 a3 64. Kb3 a2 65. Kxa2 Kg6
66. Kb3 Kf6 67. Ka4 Ke7 68. Ka5 Kd7 69. Kxa6 Kc7 70. b5 Kb8 71. b6 Ka8 72. Kb5
Kb8 73. Kc6 Kc8 74. Kb5 Kb8 75. Ka6 Ka8 1/2-1/2

[Event "Reims/Rethel"]
[Site "?"]
[Date "2016.04.03"]
[Round "7"]
[White "Gerardin, David"]
[Black "Jouniaux, Quentin"]
[Result "1-0"]
[WhiteElo "1734"]
[BlackElo "1858"]
[PlyCount "101"]
[EventDate "2016.04.10"]
[SourceDate "2016.04.16"]

1. e4 d5 2. exd5 Qxd5 3. Nc3 Qd8 4. d4 Nf6 5. Nf3 Bg4 6. h3 Bh5 7. Be3 e6 8. a3
c6 9. Be2 Bd6 10. Qd2 Nbd7 11. Ng5 Bxe2 12. Qxe2 h6 13. Nge4 Be7 14. O-O O-O
15. Qf3 e5 16. Rfd1 Nxe4 17. Nxe4 f5 18. Nc3 e4 19. Qh5 Kh7 20. d5 c5 21. d6
Bh4 22. Nd5 Ne5 23. Nc7 Qf6 24. Nxa8 f4 25. Bxc5 g6 26. Qe2 Qg5 27. Qxe4 f3 28.
g4 Rf4 29. Qxb7+ Nf7 30. Qc8 Rc4 31. b4 Bxf2+ 32. Bxf2 Rxc8 33. Nc7 Nxd6 34.
Rxd6 Rxc7 35. Rad1 Re7 36. c4 Qe5 37. b5 Rc7 38. c5 Rxc5 39. Rd7+ Kg8 40. Rd8+
Kf7 41. R8d7+ Kg8 42. Rxa7 Rc8 43. b6 h5 44. b7 Rb8 45. Ra8 Qc7 46. Rxb8+ Qxb8
47. Rb1 hxg4 48. hxg4 Kf7 49. a4 Qf4 50. b8=Q Qxg4+ 51. Qg3 1-0